LEADER 01709nam a2200361 u 4500 001 000000018426 003 CaOOAMICUS 005 20070226110655.0 008 950317s1987 it u000 u ita u 020 $a8842028827 035 $a10434217 040 $aPUL(R)$bita 041 1 $aita$hfre 100 1 $aLe Goff, Jacques,$d1924-2014.$0(OLS)http://pul/name/469 240 10$aBourse et la vie.$lItaliano.$0(OLS)http://pul/title/26249 245 13$aLa borsa e la vita :$bdall'usuraio al banchiere /$cLe Goff. 260 $aRoma :$bLaterza,$c1987. 300 $a114 p. ;$c21 cm 490 1 $aQuadrante ;$v2 500 $aEd. originale: La bourse et la vie. Economie et religion ou Moyen Age, Paris, Hachette, 1986. 650 4$aUsura$xStoria$xStudi.$0(OLS)http://pul/subject/12715 650 4$aMedioevo$xStoria.$0(OLS)http://pul/subject/1431 830 0$aQuadrante ;$v2.$0(OLS)http://pul/title/12896 850 $aPUL 852 $aPUL$W1$xDP1 Cons. Gen., Altre Classi 1$y22$m46 B 56$j25964$nBK-PRI$b $qStampati$B25964$CPULBib$Z2$F25964 $H $81 852 $aPUL$W1$xSL Religione 2$y84$mRH D3 182$j25965$nBK-PRI$b $qStampati altre collocazioni$B25965$CPULBib$Z2$F25965 $H $81 852 $aPUL$W1$xSL Religione 2$y84$mRH D4 151$j25966$nBK-PRI$b $qStampati altre collocazioni$B25966$CPULBib$Z2$F25966 $H $81 941 1 $a8 941 1 $a10 961 $aINV: 57249 996 $6020$a8842028827$9(OLS)http://pul/number/23599 996 $6245$aLa borsa e la vita :$bdall'usuraio al banchiere$9(OLS)http://pul/title/26250 996 $6260$aRoma :$bLaterza$9(OLS)http://pul/publisher/47864 LEADER 01209nam a2200301 a 4500 001 000000153480 003 CaOOAMICUS 005 20160905120418.0 008 160905m2016 it u000 u ita r 020 $a978-88-598-1484-9* 032 $aLibriCat 040 $aPUL$bita 082 14$a346.45 245 00$aProprietą e diritti reali /$cdiretto da Renato Clarizia. 260 $aTorino :$bUTET Giuridica,$c©2016. 300 $aXLII, 2309 p. ;$c22 cm. 504 $aBibliografia in nota a pič pagina. 650 4$aDiritto privato$zItalia.$0(OLS)http://pul/subject/1235 650 4$aProprietą (diritto).$0(OLS)http://pul/subject/6495 700 1 $aClarizia, Renato$b1950-$0(OLS)http://pul/name/29220 850 $aPUL 852 $aPUL$W1$xSL Diritto e Scienze Sociali 3$y79$m346. 45 CENPA 7$j176711$qDDC 21$B179387$CPULBib$Z2$F179387 $H128107 $81 941 1 $a9 996 $6020$a978-88-598-1484-9*$9(OLS)http://pul/number/160875 996 $6082$a346.45$9(OLS)http://pul/classification/372 996 $6245$aProprietą e diritti reali$9(OLS)http://pul/title/192950 996 $6260$aTorino :$bUTET Giuridica$9(OLS)http://pul/publisher/79191